| 000 | 00537nam a2200229 a 4500 | ||
|---|---|---|---|
| 001 | nice12345678 | ||
| 003 | IN_TiNIC | ||
| 005 | 20260116012317.0 | ||
| 008 | 050524s1984 dela grp 000 0 eng | ||
| 020 |
_a _c30 |
||
| 082 | 0 | 0 |
_a270.82 _bTUR |
| 100 | _aTurnipseed, R L | ||
| 245 | _aEcumenical Encounter | ||
| 260 |
_aDelhi _bISPCK _c1984 |
||
| 300 | _a97p | ||
| 500 | _aincludes index and biblioraphy | ||
| 505 | 2 | _aRef, Bibliography, Err. | |
| 650 | _aEcumenicalism | ||
| 902 | _bSRS | ||
| 942 | _cBK | ||
| 999 |
_c6498 _d6498 |
||